Statistics for Counting to 100 in Base 15

Click here to take the quiz!

General Stats

  • This quiz has been taken 13 times
  • The average score is 63 of 101

Answer Stats

Base 10 Base 15 % Correct
00
100%
66
100%
11
100%
88
100%
77
100%
99
100%
55
100%
44
100%
33
100%
22
100%
6747
58%
7550
58%
744E
58%
734D
58%
724C
58%
714B
58%
704A
58%
6949
58%
6848
58%
6242
58%
6646
58%
6545
58%
6444
58%
6343
58%
7752
58%
6141
58%
6040
58%
593E
58%
583D
58%
7651
58%
8257
58%
7853
58%
9060
58%
9969
58%
9868
58%
9767
58%
9666
58%
9565
58%
9464
58%
9363
58%
9262
58%
9161
58%
895E
58%
7954
58%
885D
58%
875C
58%
865B
58%
855A
58%
8459
58%
8358
58%
563B
58%
8156
58%
8055
58%
573C
58%
5035
58%
553A
58%
2015
58%
281D
58%
271C
58%
261B
58%
251A
58%
2419
58%
2318
58%
2217
58%
2116
58%
1914
58%
3020
58%
1813
58%
1712
58%
1611
58%
1510
58%
14E
58%
13D
58%
12C
58%
11B
58%
10A
58%
291E
58%
3121
58%
5439
58%
432D
58%
5338
58%
5237
58%
5136
58%
4934
58%
4833
58%
4732
58%
4631
58%
4530
58%
442E
58%
422C
58%
3222
58%
412B
58%
402A
58%
3929
58%
3828
58%
3727
58%
3626
58%
3525
58%
3424
58%
3323
58%
1006A
58%

Score Distribution

Percentile by Number Answered

Percent of People with Each Score

Your Score History

You have not taken this quiz